000 00932nam a22003017a 4500
001 BR7503811
003 BR-BrBNA
005 20230928084828.0
007 ta
008 230509b bl.||||| |||| 00| 0 por d
040 _aBR-BrBNA
_bpor
_cBiblioteca Nacional de Agricultura
041 _a(Por)
072 _aE70
_b9702
_b/G514
090 _ 9702 BR7503811
100 1 _aCosta Neto, J.P.
110 1 _aUniversidade Federal do Ceara, Fortaleza (Brasil). Centro de Ciencias Agrarias. Depto. de Economia Agricola
_0Tese (Mestrado)
245 1 _aEstrutura da demanda de carne verde bovina no mercado de Fortaleza, estado do Ceara, 1967 [Brasil]
260 3 _aFortaleza, CE (Brasil):
_c1975.
300 _a56 p.
500 _a18 tables; 25 ref.; Summary (Por)
650 _aCARNE
650 _aBOVINO
650 _aDEMANDA
650 _aMERCADO
650 _aCEARA
909 _a202309
_bLucia
_c55
_dLucia Elande
942 _cBK
999 _c21334
_d21334